Children's Book Grab Bag Quiz Stats

Quiz Updated Nov 18, 2014

Also try: Nursery Rhyme Time
Challenge
Share
Tweet
Embed
Score 0/15 Timer 05:00
0 Plays Today
Question Answer % Correct
What is the name of Clifford the Big Red Dog's owner????
78.3%
What is the name of the protagonist in 'Where the Wild Things Are'????
70.6%
Which continent is Curious George brought to the US from????
69.8%
Which of these is a rhyming pair used in 'Green Eggs and Ham'????
69.6%
What are the first names of the Hardy Boys????
69.1%
Which of these is said goodnight to in 'Goodnight Moon'????
59.5%
What country is Paddington Bear from????
56.9%
Which of these books features a protagonist whose name is a palindrome? ???
56.5%
Question Answer % Correct
What is the name of the pet lizard in 'The Magic School Bus'????
49.2%
What is the first message Charlotte weaves into her web????
47.9%
Which character is not in 'Winnie-the-Pooh', but rather introduced in 'The House at Pooh Corner'????
47.6%
In 'James and the Giant Peach', what is James' last name????
46.8%
In the original 'Amelia Bedelia' book, what dessert does she bake that saves her her job????
44.7%
What medical woe does Madeline have in the original 'Madeline' book????
34.2%
What was the first book published in the 'Goosebumps' series????
28.4%

You're not logged in!

Compare scores with friends on all Sporcle quizzes.
Join for Free
OR
Log In

You Might Also Like...

Show Comments

Extras

Top Quizzes Today


Score Distribution

Your Account Isn't Verified!

In order to create a playlist on Sporcle, you need to verify the email address you used during registration. Go to your Sporcle Settings to finish the process.

Report this User

Report this user for behavior that violates our Community Guidelines.

Details: